000
00277nam a2200109Ia 4500
008
200302s9999 xx 000 0 und d
100
_a
K. V. Sundaram
245
_a
Decentralized Multilevel Planning
260
_b
Concept Publishing Co. Ltd.
260
_c
1997
300
_a
514 P.,
999
_c
5553
_d
5553